How monetary policy got behind : (Record no. 1309169)

MARC details
000 -LEADER
fixed length control field 00535nam a22001937a 4500
005 - DATE AND TIME OF LATEST TRANSACTION
control field 20250529144101.0
008 - FIXED-LENGTH DATA ELEMENTS--GENERAL INFORMATION
fixed length control field 250418b |||||||| |||| 00| 0 eng d
020 ## - INTERNATIONAL STANDARD BOOK NUMBER
International Standard Book Number 9780817925642
040 ## - CATALOGING SOURCE
Transcribing agency SDCL
041 ## - LANGUAGE CODE
Source of code eng
Language code of text/sound track or separate title eng
084 ## - COLON CLASSIFICATION NUMBER
Classification number X61 R3
245 ## - TITLE STATEMENT
Title How monetary policy got behind :
Remainder of title The curve-and how to get back
260 ## - PUBLICATION, DISTRIBUTION, ETC.
Place of publication, distribution, etc. Stanford :
Name of publisher, distributor, etc. Hoover Institution Press,
Date of publication, distribution, etc. 2023.
300 ## - PHYSICAL DESCRIPTION
Extent xxiv,398p.
700 ## - ADDED ENTRY--PERSONAL NAME
Personal name Bordo, Michael D.
700 ## - ADDED ENTRY--PERSONAL NAME
Personal name Cochrane, John H.
700 ## - ADDED ENTRY--PERSONAL NAME
Personal name Taylor, John B.
942 ## - ADDED ENTRY ELEMENTS (KOHA)
Source of classification or shelving scheme Colon Classification (CC)
Koha item type Textual
999 ## -
-- 1309169
-- 1309169
Holdings
Withdrawn status Lost status Source of classification or shelving scheme Damaged status Not for loan Home library Current library Date acquired Source of acquisition Inventory number Total checkouts Full call number Barcode Date last seen Date last checked out Price effective from Koha item type
    Colon Classification (CC)     South Campus Library South Campus Library 2025-04-18 Efficient Book Distributors 9393, 09/12/2024, USD 14.95 2 X61 R3 SC1690772 2025-12-04 2025-10-06 2025-04-18 Textual
Copyright @ Delhi University Library System